British to American food translation#2 - Statistics

General Stats
  • This quiz has been taken 49 times
    44 since last reset
  • The average score is 6 of 11
Answer Stats
Hint Answer % Correct
Sweets candy
90%
Candy Floss cotton candy
86%
Brekkie breakfast
74%
Maize corn
71%
Porridge oat meal
69%
Eggy Bread French toast
62%
Scone biscuit
55%
Gherkin pickles
31%
Sorbet sherbet
21%
Marrow squash
5%
Flan fruit pie
2%
No matching quizzes found
Score Distribution
Percent of People with Each Score
Percentile by Number Answered
Your Score History
You have not taken this quiz since the last reset